00685nam a2200205Ia 4500008004100000020001800041082001600059100002000075245004600095250000800141260002500149300001200174500002400186650001500210700002000225942000700245952010500252952010500357999001700462230524s9999 xx 000 0 und d a9788120329737 a658.45bSHA aSangeeta Sharma 0aAdvertising : Planning And Implementation aIST aNEW DELHIbPHIc2008 aXVI;461 aQuantity Number: 2 aManagement a Raghuvir Singh cBK 00104070aTATCLbTATCLcGENd2023-05-24l0o658.45 SHAp30766r2023-05-24w2023-05-24yBKzMBA305A 00104070aTATCLbTATCLcGENd2023-05-24l0o658.45 SHAp30767r2023-05-24w2023-05-24yBKzMBA305A c43319d43319